Modèle de voitures par image n°1 - Statistiques

Statistiques générales
  • Ce quiz a été pris 344 fois
  • Le résultat moyen est 3 sur 15
Statistiques - réponses
Par images Hint Réponse % Correct
2023- / (gen 3) Porsche Panamera
65%
1962-1963 Ferrari 250 GTO
51%
2004-2009 Peugeot 1007
49%
1988-1991 BMW Z1
46%
1995-1998 Renault Spider
28%
1989-2000 Citroën XM
26%
2006-2010 Alfa Romeo Brera
18%
2008-2014 (gen 7) Suzuki Alto
13%
1968-1972 (gen 3) Chevrolet El Camino
12%
1994-1999 (gen 2) Opel Omega
11%
1972-1979 (gen 1) Honda Civic
9%
2006-2011 Dodge Nitro
7%
1985-1995 Lancia Y10
5%
1994-1998 (gen 2) Ford Scorpio
4%
2006-2011 Dahaitsu Materia
3%
Aucun quiz correspondant
Distribution des résultats
% des personnes avec chaque résultat
Percentile par nombre de réponses
Votre historique - résultats
Vous n’avez pas pris ce quiz